Macromedia Fireworks Mx 2004: (Record no. 50159)

MARC details
000 -LEADER
fixed length control field 00383nam a22001337a 4500
008 - FIXED-LENGTH DATA ELEMENTS--GENERAL INFORMATION
fixed length control field 170428b xxu||||| |||| 00| 0 eng d
020 ## - INTERNATIONAL STANDARD BOOK NUMBER
International Standard Book Number 9780619188375
050 ## - LIBRARY OF CONGRESS CALL NUMBER
Classification number TR 897.7
Item number . W39 2004
100 ## - MAIN ENTRY--PERSONAL NAME
Personal name Barbara M Waxer
245 ## - TITLE STATEMENT
Title Macromedia Fireworks Mx 2004:
Remainder of title Design Professional
Statement of responsibility, etc Barbara m waxer
260 ## - PUBLICATION, DISTRIBUTION, ETC. (IMPRINT)
Place of publication, distribution, etc USA
Name of publisher, distributor, etc Thomson learning
Date of publication, distribution, etc 2004
300 ## - PHYSICAL DESCRIPTION
Extent xv,296p
942 ## - ADDED ENTRY ELEMENTS (KOHA)
Source of classification or shelving scheme Library of Congress Classification
Item type Book
Holdings
Withdrawn status Lost status Source of classification or shelving scheme Damaged status Not for loan Collection code Home library Current library Shelving location Date acquired Source of acquisition Cost, normal purchase price Full call number Barcode Copy number Price effective from Koha item type Total Checkouts
    Library of Congress Classification     Non-fiction Bishop Okullu Memorial Library (Limuru Campus) Bishop Okullu Memorial Library (Limuru Campus) General Circulation 28/04/2017 Donation-BFA 3550.00 TR 897.7 . W39 2004 052983 1 28/04/2017 Book  
    Library of Congress Classification     Non-fiction Nairobi Campus Nairobi Campus General Circulation 28/04/2017 Donation-BFA 3550.00 TR 897.7 . W39 2004 052984 1 28/04/2017 Book  
    Library of Congress Classification     Non-fiction Nakuru Campus Nakuru Campus General Circulation 06/02/2018 Donation-BFA 264.00 TR 897.7 . W39 2004 057436 3 06/02/2018 Book